Indexové obchodovanie a indexové fondy ako špecifická forma investovania dizertačná práca

Saved in:
Bibliographic Details
Main Author: Dorocáková, Michaela
Corporate Author: Národohospodárska fakulta EU. Katedra bankovníctva a medzinárodných financií
Other Authors: Chovancová, Božena
Format: Book
Language:Slovak
Published: Bratislava 2018
Subjects:
Tags: Add Tag
No Tags, Be the first to tag this record!

MARC

LEADER 00000nbm a2200000 4500
001 0246528
005 20230227104954.0
041 0 |a slo 
044 |a SK 
245 1 0 |a Indexové obchodovanie a indexové fondy ako špecifická forma investovania  |b dizertačná práca  |c Michaela Dorocáková ; školiteľ: Božena Chovancová 
264 1 |a Bratislava  |c 2018 
300 |a 111 s. 
610 2 0 |a fondy indexové 
610 2 0 |a obchody burzové 
610 2 0 |a trh kapitálový 
610 2 0 |a investovanie 
100 1 |a Dorocáková, Michaela 
700 1 |a Chovancová, Božena 
710 2 |a Národohospodárska fakulta EU. Katedra bankovníctva a medzinárodných financií